01609nam a2200469 i 450000100060000000300080000600500170001400600190003100700150005000800410006502000270010602000180013303500230015103500240017403500250019803500210022304000310024405000210027508000060029608200190030210000230032124500920034426400460043630000410048233600310052333700330055433800430058749000340063050000220066450400290068658801230071565000260083865000290086465000190089365000250091265000250093765000250096265500270098770000280101483000350104285600620107724109FlNmELB20241216214136.0m o d | cr cnu||||||||160608s2003 ag ob 001 0 spa d a9781512929652 (e-book) z9789508021533 a(MiAaPQ)EBC4508304 a(Au-PeEL)EBL4508304 a(CaPaEBR)ebr11205771 a(OCoLC)984774048 aFINmELBbspaerdacFINmELB 4aHQ590bK929 2003 a30 a306.8509822231 aKrmpotic, Claudia.10aTrayectoria familiar, ciclos políticos y bienestar /cClaudia Krmpotic, Ivonne Allen. 1aBuenos Aires :bEspacio Editorial,c2003. a1 recurso en línea (164 páginas) atextobtxt2rdacontent/spa acomputadorabc2rdamedia/spa arecurso en líneabcr2rdacarrier/spa1 aColección Ciencias Sociales aIncluye índice. aContiene bibliografía. aDescripción basada en recurso en línea; Título de la página del título en PDF (e-libro, visto June 8, 2016). 0aSociologyzArgentina. 4aSociologíazArgentina. 0aWelfare state. 4aEstado de bienestar. 0aFamilieszArgentina. 4aFamiliaszArgentina. 4aLibros electrónicos.1 aAllen, Ivonne,eautora. 0aColección Ciencias Sociales.40uhttps://elibro.net/ereader/politecnicointernacional/66947